000 00641nam a2200181Ia 4500
008 160105s9999 xx 000 0 und d
020 _a978-2-7298-3700-6
041 _afre
245 _aLe désert saharien
260 _aParis
260 _bLarousse
260 _c1986
490 _aFaune et flore du monde
654 _x DESERT DU SAHARA/DESERT/FACTEUR DU MILIEU/DESERTIFICATION/CLIMAT/VEGETATION/ADAPTATION/ANIMAL/MAMMIFERE/OASIS/FAUNE/FLORE/MAROC/ALGERIE/TUNISIE/EGYPTE/TCHAD/NIGER/MALI/PORTUGAL/ACORES/CANARIES (ILES)/ESPAGNE/JAMAHIRIYA ARABE LIBYENNE
942 _c09
994 _a109617
999 _c9520
_d37518